| Tag |
First Indicator |
Second Indicator |
Subfields |
| LEADER |
00000cem a2200000 a 4500 |
| 001 |
in00003160821 |
| 005 |
20151204205625.0 |
| 007 |
aj canzn |
| 008 |
961115s1963 sa bg a 1 eng |
| 010 |
|
|
|a 96687081
|
| 034 |
0 |
|
|a a
|
| 035 |
|
|
|a (OCoLC)ocm36042462
|
| 035 |
|
|
|a (OCoLC)36042462
|
| 040 |
|
|
|a DLC
|b eng
|c DLC
|d OCL
|d OCLCQ
|d TXA
|d UtOrBLW
|
| 041 |
0 |
|
|a eng
|a afr
|
| 043 |
|
|
|a f-sa---
|
| 049 |
|
|
|a TXAM
|
| 050 |
0 |
0 |
|a G8504.C3E635 1963
|b .A9
|
| 052 |
|
|
|a 8504
|b C3
|
| 072 |
|
7 |
|a E635
|2 lcg
|
| 110 |
2 |
|
|a Automobile Association of South Africa.
|
| 245 |
1 |
0 |
|a Day drives from Cape Town /
|c AA South Africa.
|
| 255 |
|
|
|a Scale not given.
|
| 264 |
|
1 |
|a Johannesburg :
|b AA South Africa,
|c 1963.
|
| 300 |
|
|
|a 1 map :
|b color ;
|c 42 x 31 cm., on sheet 43 x 56 cm., folded to 22 x 8 cm.
|
| 336 |
|
|
|a cartographic image
|b cri
|2 rdacontent
|
| 337 |
|
|
|a unmediated
|b n
|2 rdamedia
|
| 338 |
|
|
|a sheet
|b nb
|2 rdacarrier
|
| 500 |
|
|
|a Relief shown by shading and spot heights.
|
| 546 |
|
|
|a Place names in English and Afrikaans.
|
| 500 |
|
|
|a "Information from official maps reproduced under Government Printer's authority number 3120 of 13/2/63."
|
| 500 |
|
|
|a Includes text, descriptive index, col. ill., and "Exit plan of Cape Town."
|
| 500 |
|
|
|a Cartographic material.
|
| 651 |
|
0 |
|a Cape Town Region (South Africa)
|v Maps.
|
| 655 |
|
7 |
|a Tourist maps.
|2 lcgft
|
| 994 |
|
|
|a C0
|b TXA
|
| 948 |
|
|
|a cataloged
|b h
|c 2013/5/21
|d c
|e nbehmer
|f 9:56:04 am
|
| 999 |
|
|
|a MARS
|
| 999 |
f |
f |
|s a0620729-2dd7-308c-b356-1dfae23fcee9
|i 79984fb5-c560-3b7a-b621-1dd9f3d677fe
|t 0
|
| 952 |
f |
f |
|p normal
|a Texas A&M University
|b College Station
|c Sterling C. Evans Library
|d Evans: Maps (2nd floor)
|t 0
|e G8504.C3E635 1963 .A9
|h Library of Congress classification
|i unmediated -- sheet
|m A14832548332
|
| 998 |
f |
f |
|a G8504.C3E635 1963 .A9
|t 0
|l Evans: Maps (2nd floor)
|